000 00481nam a2200157Ia 4500
999 _c21911
_d21911
003 OSt
005 20200703104845.0
008 190216s9999||||xx |||||||||||||| ||und||
040 _coclc
082 _a941
_bWAR/G
100 _aWarner, George Townsend
_93494
245 0 _aThe Ground Work Of British History /
_cGeorge Townsend Warner ; C H K Marten
260 _bBlacke & Son,
_aBombay:
_c1923.
300 _a800p
942 _cBK
_2ddc
_h941
_iWAR/G
_k941
_mWAR/G